| 000 | 01089cab a22002055a 4500 | ||
|---|---|---|---|
| 001 | L140218 | ||
| 008 | 070314s2007 xxkd f s 000 0 eng d | ||
| 035 | _a(Sirsi) u140218 | ||
| 041 | _aeng | ||
| 110 | 2 |
_aHome Builders Federation _94896 |
|
| 245 |
_aHBF regional survey of house builders _bJuly 2007 |
||
| 260 | _c2007 | ||
| 490 |
_aHousing Market Report _v(183) July 2007, 7-11(6) |
||
| 520 | _aFinds that site visitors in July continued to run well below a year ago, a drop of 37%. However the steep fall in net reservations in June eased in July, a drop of 11%. This may be partly attributable to weather conditions. Reservations from all groups fell. New home prices dipped by 3%. The use of incentives by housebuilders continued to increase markedly. The industry remains optimistic about 2007 sales prospects. 35% of companies expect higher sales than in 2006. Tables and graphs. | ||
| 590 | _aKA | ||
| 650 | 2 | 4 | _aHBF REGIONAL SURVEY OF HOUSE BUILDERS |
| 651 | 4 |
_aEngland and Wales _y1543- |
|
| 690 | _aPROPERTY-RESIDENTIAL PROPERTY-RESIDENTIAL PROPERTY MARKET | ||
| 942 | _n0 | ||
| 999 |
_c79240 _d79240 |
||